The Rise of the Korean economy.
| Main Author: | |
|---|---|
| Format: | Book |
| Published: |
Hong Kong:
Oxford University Press,
1994.
|
| Subjects: |
| LEADER | 00491cam a2200169 7i4500 | ||
|---|---|---|---|
| 001 | 0000004365 | ||
| 005 | 19991025090000.0 | ||
| 002 | ##000005855 | ||
| 020 | 0 | 0 | |a 0-19-586758-0 |
| 090 | 0 | 0 | |a KORS 338.9 |b SON |
| 100 | 1 | 0 | |a Song, Byung Nak |
| 245 | 1 | 0 | |a The Rise of the Korean economy. |
| 260 | 0 | 0 | |a Hong Kong: |b Oxford University Press, |c 1994. |
| 300 | 0 | 0 | |a 278 p.. |
| 650 | 0 | 0 | |a Economic development -- |z South Korea |
| 651 | 0 | 0 | |a South Korea |
| 999 | |a 0000006601 |b Book |c Open shelf |e Business Information Centre | ||


